MARC details
| 000 -CABECERA |
| campo de control de longitud fija |
02553cab a2200289 ab4500 |
| 005 - FECHA Y HORA DE LA ÚLTIMA TRANSACCIÓN |
| campo de control |
20250324124737.0 |
| 008 - ELEMENTOS DE LONGITUD FIJA--INFORMACIÓN GENERAL |
| campo de control de longitud fija |
991125c2018 sp tn p o 000 0 spa d |
| 035 ## - NÚMERO DE CONTROL DEL SISTEMA |
| Número de control de sistema |
UPN01000232380 |
| 040 ## - FUENTE DE LA CATALOGACIÓN |
| Centro catalogador/agencia de origen |
MX-MxUPN |
| Lengua de catalogación |
spa |
| Centro/agencia transcriptor |
MX-MxUPN |
| Normas de descripción |
aacr2 |
| 049 ## - COLECCIÓN |
| Colección |
ART-E |
| 100 1# - ASIENTO PRINCIPAL--NOMBRE PERSONAL |
| Nombre de persona |
Olmos Rueda, Patricia |
| Enlace |
- patricia.olmos@uab.cat |
| 100 1# - ASIENTO PRINCIPAL--NOMBRE PERSONAL |
| Nombre de persona |
Sanahuja Gavalda, Josep M. |
| 100 1# - ASIENTO PRINCIPAL--NOMBRE PERSONAL |
| Nombre de persona |
Mas Torelló, Oscar |
| 245 13 - MENCIÓN DE TÍTULO |
| Título |
El alumnado de educación secundaria obligatoria ante la inclusión educativa y la docencia compartida |
| 506 0# - NOTA DE RESTRICCIONES AL ACCESO |
| Limitaciones de acceso |
Acceso abierto |
| 520 3# - NOTA DE RESUMEN, ETC. |
| Sumario, etc. |
La inclusión sigue siendo uno de los mayores retos de la educación que exige de la responsabilidad compartida de todos los agentes educativos. El alumnado, agente participante activo, resulta herramienta clave para el cambio educativo y la construcción y promoción de una escuela inclusiva. Tener en cuenta su opinión impacta positivamente en la mejora de los procesos inclusivos. Este trabajo centra su atención en la voz del alumnado ante el reto de la inclusión y la diversidad en un instituto público de educación secundaria de la provincia de Barcelona, teniendo como objetivo conocer el perfil, creencias y actitudes del alumnado de educación secundaria obligatoria hacia la inclusión educativa y el trabajo de dos figuras docentes en el aula −el profesor de apoyo y el profesor de aula−. Los resultados, derivados del diseño y aplicación de un cuestionario a una muestra de 310 alumnos −con y sin necesidades educativas−, apuntan una actitud positiva hacia la inclusión y una valoración positiva tanto de la docencia compartida, como del impacto que tiene la presencia del profesor de apoyo en el aula, permitiendo reforzar esta actitud positiva en la medida que contribuye a un mejor proceso de interacción, socialización, inclusión y atención a la diversidad en las aulas y en el propio centro educativo, aunque sigue latente la necesidad de seguir impulsando el cambio de prácticas educativas en pro de la inclusión y socialización del alumnado. REOP |
| 650 #4 - ASIENTO SECUNDARIO DE MATERIA - TERMINO TEMATICO |
| Término de materia o nombre geográfico como elemento de entrada |
Educación inclusiva |
| 9 (RLIN) |
7100 |
| 653 0# - TERMINO DE INDIZACION - NO CONTROLADO |
| Término no controlado |
Docencia compartida |
| 653 0# - TERMINO DE INDIZACION - NO CONTROLADO |
| Término no controlado |
Educación secundaria |
| 653 0# - TERMINO DE INDIZACION - NO CONTROLADO |
| Término no controlado |
Percepción del estudiante |
| 773 ## - ENLACE AL DOCUMENTO FUENTE/ENTRADA DE REGISTRO ANFITRIÓN |
| Parte(s) relacionada(s) |
Vol. 29, no. 3, (2018), p. 8-24 |
| Título |
REOP : Revista española de orientación y psicopedagogía |
| Número Internacional Normalizado para Publicaciones Seriadas |
1989-7448 |
| 856 4# - LOCALIZACIÓN Y ACCESO ELECTRÓNICOS |
| Identificador Uniforme del Recurso |
<a href="https://revistas.uned.es/index.php/reop/article/view/23318">https://revistas.uned.es/index.php/reop/article/view/23318</a> |
| 856 4# - LOCALIZACIÓN Y ACCESO ELECTRÓNICOS |
| Identificador Uniforme del Recurso |
<a href="https://doi.org/10.5944/reop.vol.29.num.3.2018.23318 ">https://doi.org/10.5944/reop.vol.29.num.3.2018.23318 </a> |
| 902 ## - ELEMENTOS DE DATOS B LOCAL, LDB (RLIN) |
| Creó |
Leonor Sotres/240325 |
| 905 ## - TIPO DE MATERIAL |
| Tipo de material |
Articulo |
| 942 ## - ELEMENTOS DE PUNTO DE ACCESO ADICIONAL (KOHA) |
| Tipo de ítem Koha |
Artículo Electrónico |
| Fuente del sistema de clasificación o colocación |
Library of Congress Classification |